000 00509nam a2200181Ia 4500
005 20250317122938.0
008 008 250317s9999 xx 000 0 eng d
037 _aTextbook
040 _aFMSL
_beng
_cFMSL
041 _aeng
_2eng
084 _aB5 N3
_qFMSL
100 _aBettinger A K
_9735679
245 0 _aAlgebra and trigonometry
260 _aPennyoylvania
_bPennyoylvania, I T
_c1963
300 _a356p
942 _cTB
_hB5 N3
999 _c1249260
_d1249260